MARC details
| 000 -LEADER |
| fixed length control field |
01212nam a22002897a 4500 |
| 003 - CONTROL NUMBER IDENTIFIER |
| control field |
OSt |
| 005 - DATE AND TIME OF LATEST TRANSACTION |
| control field |
20251017190359.0 |
| 008 - FIXED-LENGTH DATA ELEMENTS--GENERAL INFORMATION |
| fixed length control field |
240201b ||||| |||| 00| 0 eng d |
| 040 ## - CATALOGING SOURCE |
| Transcribing agency |
0 |
| 082 ## - DEWEY DECIMAL CLASSIFICATION NUMBER |
| Classification number |
DPer 621.317 Ie21 January 2022 v. 37 n. 1 |
| 100 ## - MAIN ENTRY--PERSONAL NAME |
| Personal name |
Sun, Keyao. |
| Relator term |
author. |
| 9 (RLIN) |
51146 |
| 245 ## - TITLE STATEMENT |
| Title |
Modeling, design, and evaluation of active dv/dt balancing for series-connected SiC MOSFETs / |
| Statement of responsibility, etc. |
Keyao Sun, Emma Raszmann, Jun Wang, Xiang Lin, Rolando Burgos, Dong Dong, and Dushan Boroyevich. |
| 260 ## - PUBLICATION, DISTRIBUTION, ETC. (IMPRINT) |
| Place of publication, distribution, etc. |
New York ; |
| Name of publisher, distributor, etc. |
The Institute of Electrical and Electronics Engineers, Inc. , |
| Date of publication, distribution, etc. |
January 2022. |
| 300 ## - PHYSICAL DESCRIPTION |
| Extent |
Volume 37, pages 534-546 : |
| Other physical details |
illustration ; |
| Dimensions |
28 cm. |
| 500 ## - GENERAL NOTE |
| General note |
IEEE Transactions on Power Electronics, v. 37 n. 1, pages 534-546, January 2022. |
| 650 #0 - SUBJECT ADDED ENTRY--TOPICAL TERM |
| Topical term or geographic name as entry element |
Control systems. |
| 9 (RLIN) |
65713 |
| 650 #0 - SUBJECT ADDED ENTRY--TOPICAL TERM |
| Topical term or geographic name as entry element |
MOSFET. |
| 9 (RLIN) |
65862 |
| 650 #0 - SUBJECT ADDED ENTRY--TOPICAL TERM |
| Topical term or geographic name as entry element |
Voltage control. |
| 9 (RLIN) |
65727 |
| 700 ## - ADDED ENTRY--PERSONAL NAME |
| Personal name |
Sun, Keyao. |
| Relator term |
author. |
| 9 (RLIN) |
51146 |
| 700 ## - ADDED ENTRY--PERSONAL NAME |
| Personal name |
Raszmann, Emma. |
| Relator term |
author. |
| 9 (RLIN) |
51147 |
| 700 ## - ADDED ENTRY--PERSONAL NAME |
| Personal name |
Wang, Jun. |
| Relator term |
author. |
| 9 (RLIN) |
51148 |
| 700 ## - ADDED ENTRY--PERSONAL NAME |
| Personal name |
Lin, Xiang. |
| Relator term |
author. |
| 9 (RLIN) |
51149 |
| 700 ## - ADDED ENTRY--PERSONAL NAME |
| Personal name |
Burgos, Rolando. |
| Relator term |
author. |
| 9 (RLIN) |
51150 |
| 700 ## - ADDED ENTRY--PERSONAL NAME |
| Personal name |
Dong, Dong. |
| Relator term |
author. |
| 9 (RLIN) |
51151 |
| 700 ## - ADDED ENTRY--PERSONAL NAME |
| Personal name |
Boroyevich, Dushan. |
| Relator term |
author. |
| 9 (RLIN) |
51152 |
| 942 ## - ADDED ENTRY ELEMENTS (KOHA) |
| Source of classification or shelving scheme |
Dewey Decimal Classification |
| Koha item type |
Periodicals |